| 000 | 00000nam 2200000za 4500 |
| 001 | 9.687075 |
| 003 | CaOODSP |
| 005 | 20210624230820 |
| 007 | cr ||||||||||| |
| 008 | 150407s2004 onc|||||o f|0| 0 eng d |
| 040 | |aCaOODSP|beng |
| 043 | |an-cn--- |
| 086 | 1 |aL2-43/2003E-PDF |
| 110 | 1 |aCanada. |bHuman Resources and Skills Development Canada. |bLabour Program. |
| 245 | 10|aWorking for you |h[electronic resource]. |
| 260 | |aOttawa : |bHuman Resources and Skills Development Canada, |c2004. |
| 300 | |a28 p. |
| 500 | |aThe catalogue number (L2-43/2003) and ISBN (0-662-67797-8) assigned to the bilingual print edition have been incorrectly printed in this electronic publication. |
| 590 | |a04-43|b2004-10-22 |
| 690 | 07|aFederal programs|2gcpds |
| 690 | 07|aLabour|2gcpds |
| 775 | 08|tÀ votre service |w(CaOODSP)9.631536 |
| 795 | |tWorking for you - labour |w(CaOODSP)9.698075 |
| 856 | 40|ahttp://publications.gc.ca|qPDF|s2111 KB|uhttps://publications.gc.ca/collections/Collection/L2-43-2003E.pdf |